Iniciativas ciudadanas en Haití /

Uloženo v:
Podrobná bibliografie
Hlavní autor: Wall, Imogen
Médium: Text
Tagy: Přidat tag
Žádné tagy, Buďte první, kdo vytvoří štítek k tomuto záznamu!

MARC

LEADER 00000 a a2200000 04500
001 46951
003
040
100 |a Wall, Imogen  
245 |a Iniciativas ciudadanas en Haití /  |c Imogen Wall  
773 |g número38, (2011), páginas 4-7 : foto  
999 |c 38295  |d 38295